[Event "Moscow Open Women 2015"]
[Site "Moscow RUS"]
[Date "2015.02.04"]
[Round "5.2"]
[White "Guseva, Marina"]
[Black "Schepetkova, Margarita"]
[Result "1/2-1/2"]
[WhiteTitle "IM"]
[BlackTitle "WIM"]
[WhiteElo "2375"]
[BlackElo "2216"]
[WhiteFideId "4149351"]
[BlackFideId "4189949"]
[EventDate "2015.01.31"]

1. d4 d5 2. c4 c6 3. Nc3 Nf6 4. e3 a6 5. Qc2 e6 6. Nf3 c5 7. cxd5 exd5 8. Be2
Be6 9. O-O Nc6 10. dxc5 Bxc5 11. Rd1 Qe7 12. a3 O-O 13. b4 Bd6 14. Bb2 Rac8 15.
Rac1 Rfd8 16. Qb1 a5 17. Nb5 Bb8 18. Ng5 h6 19. Nxe6 fxe6 20. bxa5 Ne4 21. f4
Nxa5 22. Rxc8 Rxc8 23. Bf3 Nf6 24. Bxf6 Qxf6 25. Nd4 Ba7 26. Qb5 Bxd4 27. exd4
Nc4 28. Qxb7 Rf8 29. Qa6 Nb2 30. Rd2 Nc4 31. Rd1 Nb2 32. Rd2 Nc4 33. Rd1 1/2-1/2

[Event "Moscow Open Women 2015"]
[Site "Moscow RUS"]
[Date "2015.02.04"]
[Round "5.3"]
[White "Mirzoeva, Elmira"]
[Black "Nakhbayeva, Guliskhan"]
[Result "1-0"]
[WhiteTitle "WGM"]
[BlackTitle "WGM"]
[WhiteElo "2220"]
[BlackElo "2345"]
[WhiteFideId "4127951"]
[BlackFideId "13704788"]
[EventDate "2015.01.31"]

1. d4 Nf6 2. c4 e6 3. Nf3 b6 4. g3 Bb4+ 5. Bd2 Bxd2+ 6. Qxd2 Ba6 7. b3 c6 8. Bg2
d5 9. O-O Nbd7 10. Rc1 O-O 11. a4 Qe7 12. Na3 Rac8 13. a5 b5 14. cxb5 Ne4 15.
Qb2 cxb5 16. b4 h6 17. Ne1 Nd6 18. Nd3 Nc4 19. Qb3 Rb8 20. Nc5 Bc8 21. Nb1 a6
22. Rd1 Rd8 23. e3 f5 24. Nc3 Nxc5 25. dxc5 Bb7 26. Ne2 e5 27. Rd3 Rd7 28. Rad1
Rbd8 29. f4 e4 30. Rc3 Qf6 31. Nd4 Rf7 32. Qc2 Kh8 33. Qe2 Bc8 34. h3 g6 35. Bf1
Rg7 36. Kh2 g5 37. fxg5 hxg5 38. Qf2 Ne5 39. Rcc1 Rh7 40. Kg1 Rg8 41. c6 f4 42.
g4 Bxg4 43. hxg4 Nxg4 44. Qb2 f3 45. Rd2 Qe5 46. Nf5 Qxb2 47. Rxb2 f2+ 48. Kg2
Rf7 49. Be2 Nf6 50. Nh6 1-0

[Event "Moscow Open Women 2015"]
[Site "Moscow RUS"]
[Date "2015.02.04"]
[Round "5.4"]
[White "Shuvalova, Polina"]
[Black "Maisuradze, Nino"]
[Result "1/2-1/2"]
[WhiteTitle "WFM"]
[BlackTitle "WGM"]
[WhiteElo "2149"]
[BlackElo "2311"]
[WhiteFideId "24171760"]
[BlackFideId "13601717"]
[EventDate "2015.01.31"]

1. e4 c5 2. Nf3 a6 3. c3 d5 4. exd5 Qxd5 5. d4 e6 6. Be2 Nf6 7. O-O Nc6 8. Be3
cxd4 9. cxd4 Be7 10. Nc3 Qd8 11. Ne5 Nb4 12. Qa4+ Bd7 13. Nxd7 Qxd7 14. Bb5 Nc6
15. Bxc6 Qxc6 16. Qxc6+ bxc6 17. Rac1 Rb8 18. Na4 Kd7 19. Rc4 Nd5 20. Rfc1 Rhc8
21. Kf1 h5 22. Ke2 Rb5 23. b3 Rbb8 24. Bd2 Bd6 25. g3 Ba3 26. R1c2 Be7 27. h4
Bd6 28. Kf3 Rb7 29. Rc1 Rbb8 30. R1c2 Rb7 31. Rc1 Rbb8 32. R1c2 Rb7 1/2-1/2

[Event "Moscow Open Women 2015"]
[Site "Moscow RUS"]
[Date "2015.02.04"]
[Round "5.5"]
[White "Bayarmaa, Bayarjargal"]
[Black "Ibrahimova, Sabina"]
[Result "1/2-1/2"]
[WhiteTitle "WFM"]
[BlackTitle "WIM"]
[WhiteElo "2134"]
[BlackElo "2273"]
[WhiteFideId "4900260"]
[BlackFideId "13403893"]
[EventDate "2015.01.31"]

1. d4 Nf6 2. c4 g6 3. Nc3 Bg7 4. e4 d6 5. Be2 O-O 6. Bg5 Na6 7. h4 h6 8. Be3 e5
9. d5 Nc5 10. Qc2 a5 11. h5 g5 12. Nf3 Ng4 13. Bxc5 dxc5 14. Nd2 f5 15. Bxg4
fxg4 16. Nf1 Ra6 17. Ng3 Raf6 18. Nd1 Bd7 19. O-O Rf4 20. Ne3 Qe8 21. b3 b6 22.
a3 R8f6 23. Nd1 Bf8 24. Nb2 Bd6 25. Rfd1 Qf8 26. Nd3 c6 27. dxc6 Bxc6 28. Nxf4
exf4 29. Nf5 Be5 30. Ra2 g3 31. Qd3 gxf2+ 32. Rxf2 Re6 33. Re2 Bc7 34. Qf3 Qe8
35. Rde1 Be5 36. Rd1 Bc7 37. Rde1 Be5 38. b4 axb4 39. axb4 cxb4 40. Rd1 Ba4 41.
Red2 Bc7 42. Re1 Bc6 43. Rd5 b5 44. Qd3 bxc4 45. Qd4 Qf7 46. Qxc4 Bxd5 47. Qxd5
Ra6 48. Ne7+ Kf8 49. Ng6+ Kg8 50. Qb5 f3 51. gxf3 Bb6+ 52. Kg2 Ra2+ 53. Re2 b3
54. Rxa2 bxa2 55. Qb2 Qa7 56. Qh8+ Kf7 57. Qh7+ Kf6 58. Qh8+ Kf7 59. Qf8+ Ke6
60. Qf5+ Kd6 61. e5+ Kc7 62. Ne7 Qa8 63. Qc2+ Kd7 64. Qd3+ Kxe7 65. Qd6+ Ke8 66.
Qe6+ Kf8 67. Qxh6+ Ke7 68. Qd6+ Ke8 69. Qe6+ Kf8 70. Qf6+ Kg8 71. Qg6+ Kh8 72.
Qh6+ Kg8 73. Qe6+ Kf8 74. Qf6+ 1/2-1/2

[Event "Moscow Open Women 2015"]
[Site "Moscow RUS"]
[Date "2015.02.05"]
[Round "6.1"]
[White "Goryachkina, Aleksandra"]
[Black "Mirzoeva, Elmira"]
[Result "1/2-1/2"]
[WhiteTitle "WGM"]
[BlackTitle "WGM"]
[WhiteElo "2451"]
[BlackElo "2220"]
[WhiteFideId "4147103"]
[BlackFideId "4127951"]
[EventDate "2015.01.31"]

1. d4 d5 2. c4 c6 3. cxd5 cxd5 4. Nc3 Nf6 5. Bf4 Nc6 6. e3 Bf5 7. Qb3 Na5 8.
Qa4+ Bd7 9. Qc2 Rc8 10. Bd3 e6 11. Nf3 b5 12. a3 Be7 13. O-O O-O 14. h3 Nc4 15.
Rfc1 a5 16. Qe2 a4 17. Ne5 Be8 18. Rd1 Qa5 19. Rac1 Nd6 20. Bb1 Nc4 21. Nxc4
bxc4 22. e4 Bc6 23. e5 Ne8 24. Na2 Qb6 25. Rc3 g6 26. h4 Ng7 27. Bg5 f6 28. exf6
Bxf6 29. Bxf6 Rxf6 30. Qe5 Rcf8 31. Rd2 Bd7 32. Nb4 Nh5 33. g3 Rf3 34. Kg2 R3f6
35. Bc2 Ng7 36. Kg1 Ne8 37. h5 Nd6 38. hxg6 hxg6 39. Qg5 Be8 40. Re3 c3 41. Rxc3
Nc4 42. Rxc4 dxc4 43. Be4 Rxf2 44. Bxg6 Rf1+ 45. Kh2 Bxg6 46. Qxg6+ Kh8 47. Qh6+
Kg8 48. Qg6+ Kh8 49. Qh6+ 1/2-1/2

[Event "Moscow Open Women 2015"]
[Site "Moscow RUS"]
[Date "2015.02.05"]
[Round "6.2"]
[White "Matveeva, Olga"]
[Black "Lei, Tingjie"]
[Result "0-1"]
[WhiteTitle "WIM"]
[BlackTitle "WGM"]
[WhiteElo "2220"]
[BlackElo "2429"]
[WhiteFideId "24107018"]
[BlackFideId "8605114"]
[EventDate "2015.01.31"]

1. d4 Nf6 2. c4 g6 3. Nc3 d5 4. cxd5 Nxd5 5. Bd2 Bg7 6. e4 Nxc3 7. Bxc3 O-O 8.
Nf3 Bg4 9. Be2 Nc6 10. d5 Bxc3+ 11. bxc3 Bxf3 12. Bxf3 Ne5 13. Be2 c6 14. f4 Nd7
15. dxc6 bxc6 16. O-O Nf6 17. Bf3 Qa5 18. e5 Rad8 19. Qb3 Nd5 20. Bxd5 Rxd5 21.
Rad1 Rfd8 22. Rxd5 Rxd5 23. h3 e6 24. Qb7 Qc5+ 25. Kh1 Rd2 26. Qb3 Qd5 27. Qxd5
cxd5 28. Rc1 Rxa2 29. c4 dxc4 30. Rxc4 h5 31. Rc8+ Kg7 32. h4 g5 33. fxg5 Rd2
34. Ra8 Rd7 35. Kh2 Kg6 36. Rh8 a5 37. Rh6+ Kg7 38. Rxh5 a4 39. Rh6 Rd4 40. Kg3
Rf4 41. Kxf4 a3 42. Rf6 a2 43. g6 fxg6 44. Kg5 a1=Q 45. Rxg6+ Kf7 46. g4 Qxe5+
47. Kh6 Qh8+ 48. Kg5 Qd8+ 49. Kh5 Qd3 50. Rh6 Qd5+ 0-1

[Event "Moscow Open Women 2015"]
[Site "Moscow RUS"]
[Date "2015.02.05"]
[Round "6.3"]
[White "Szczepkowska-Horowska, Karina"]
[Black "Derakhshani, Dorsa"]
[Result "1-0"]
[WhiteTitle "WGM"]
[BlackTitle "WFM"]
[WhiteElo "2415"]
[BlackElo "2209"]
[WhiteFideId "1122681"]
[BlackFideId "12500330"]
[EventDate "2015.01.31"]

1. d4 Nf6 2. c4 e6 3. Nf3 Bb4+ 4. Bd2 Bxd2+ 5. Qxd2 d5 6. g3 c6 7. Bg2 Nbd7 8.
O-O dxc4 9. a4 b5 10. axb5 cxb5 11. Ne5 Nd5 12. Nc6 Qb6 13. Bxd5 Bb7 14. Qg5
Bxc6 15. Bxc6 Qxc6 16. Qxg7 Ke7 17. Qg5+ Nf6 18. Nc3 b4 19. d5 exd5 20. Ra6 Qxa6
21. Nxd5+ Kd7 22. Nxf6+ Kc8 23. Qc5+ Kb8 24. Qe5+ Kb7 25. Qe7+ Kc6 26. Qd7+ Kb6
27. Rd1 Qb5 28. Nd5+ 1-0

[Event "Moscow Open Women 2015"]
[Site "Moscow RUS"]
[Date "2015.02.05"]
[Round "6.4"]
[White "Averchenko, Ekaterina"]
[Black "Guseva, Marina"]
[Result "0-1"]
[WhiteTitle "WFM"]
[BlackTitle "IM"]
[WhiteElo "2204"]
[BlackElo "2375"]
[WhiteFideId "4152662"]
[BlackFideId "4149351"]
[EventDate "2015.01.31"]

1. e4 c6 2. d4 d5 3. e5 Bf5 4. Nc3 e6 5. Nf3 Bb4 6. Bd3 Ne7 7. O-O Nd7 8. Ne2
Ba5 9. Ng3 Bg6 10. c3 Bb6 11. h4 c5 12. h5 Bxd3 13. Qxd3 h6 14. Ne2 Rc8 15. Nf4
cxd4 16. cxd4 Nb8 17. b3 Nbc6 18. Ba3 Nf5 19. Ne2 Nh4 20. Rfd1 Nxf3+ 21. Qxf3
Ne7 22. Rac1 Rxc1 23. Rxc1 O-O 24. Qd3 Re8 25. Bc5 Nc6 26. Qg3 Qc7 27. b4 Qd8
28. Rc3 Bxc5 29. bxc5 Qa5 30. a3 b6 31. Qg4 Ne7 32. Qf4 Qa4 33. Rf3 Rf8 34. cxb6
Qd1+ 35. Kh2 Qxe2 36. bxa7 Qa6 37. g4 Qxa7 38. g5 Nf5 39. Rd3 hxg5 40. Qxg5 Qe7
41. Qd2 Qh4+ 42. Rh3 Qxd4 43. Qe2 Rb8 0-1

[Event "Moscow Open Women 2015"]
[Site "Moscow RUS"]
[Date "2015.02.05"]
[Round "6.5"]
[White "Schepetkova, Margarita"]
[Black "Pustovoitova, Daria"]
[Result "1-0"]
[WhiteTitle "WIM"]
[BlackTitle "FM"]
[WhiteElo "2216"]
[BlackElo "2334"]
[WhiteFideId "4189949"]
[BlackFideId "4182146"]
[EventDate "2015.01.31"]

1. d4 d5 2. c4 c6 3. Nc3 Nf6 4. e3 e6 5. Nf3 Nbd7 6. Bd3 dxc4 7. Bxc4 b5 8. Bd3
Bd6 9. O-O O-O 10. Bd2 Bb7 11. a3 a5 12. Rc1 b4 13. axb4 axb4 14. Ne4 Nxe4 15.
Bxe4 Qb6 16. Bb1 c5 17. Ng5 g6 18. Qg4 Nf6 19. Qh4 Rac8 20. dxc5 Rxc5 21. Rcd1
Kg7 22. e4 Ra5 23. Be3 Qc7 24. Rc1 Qe7 25. Bd4 h6 26. Nf3 g5 27. Bxf6+ Qxf6 28.
Qh5 Qxb2 29. Rcd1 Bb8 30. h4 Bc6 31. hxg5 hxg5 32. e5 Rh8 33. Qxg5+ Kf8 34. Rd8+
Be8 35. Rxb8 Rd5 36. Qf4 b3 37. Ng5 1-0

[Event "Moscow Open Women 2015"]
[Site "Moscow RUS"]
[Date "2015.02.06"]
[Round "7.1"]
[White "Ibrahimova, Sabina"]
[Black "Goryachkina, Aleksandra"]
[Result "0-1"]
[WhiteTitle "WIM"]
[BlackTitle "WGM"]
[WhiteElo "2273"]
[BlackElo "2451"]
[WhiteFideId "13403893"]
[BlackFideId "4147103"]
[EventDate "2015.01.31"]

1. e4 c5 2. Nf3 d6 3. d4 cxd4 4. Nxd4 Nf6 5. Nc3 a6 6. Be2 e5 7. Nb3 Be7 8. O-O
O-O 9. f4 b5 10. a4 Qb6+ 11. Kh1 Bb7 12. Qd3 b4 13. a5 Qc6 14. Na2 Qxe4 15. Qxe4
Bxe4 16. Nxb4 Nc6 17. Nxc6 Bxc6 18. fxe5 dxe5 19. Bg5 Be4 20. Rac1 Rfc8 21. Nd2
Rxc2 22. Rxc2 Bxc2 23. Rc1 Bf5 24. Nc4 h6 25. Nb6 Rd8 26. Bxf6 gxf6 27. Bxa6 Bb4
28. Bc4 Bxa5 29. Nd5 Be6 30. Nxf6+ Kg7 31. Nh5+ Kg6 32. Bxe6 fxe6 33. Ng3 Rd2
34. Rb1 Bb4 35. h3 Rc2 36. Kh2 h5 37. Nf1 Re2 38. b3 h4 39. Rc1 e4 40. Rd1 Bc3
41. Kg1 Be1 42. Nh2 Bg3 43. Ng4 Rb2 44. Kf1 Rxb3 45. Ke2 Bf4 46. Rf1 e5 47. Re1
Kf5 48. Kf1 e3 49. Ke2 Rb2+ 50. Kf1 Ke4 51. Nf6+ Kd3 52. Nh5 e2+ 0-1

[Event "Moscow Open Women 2015"]
[Site "Moscow RUS"]
[Date "2015.02.06"]
[Round "7.2"]
[White "Lei, Tingjie"]
[Black "Schepetkova, Margarita"]
[Result "1-0"]
[WhiteTitle "WGM"]
[BlackTitle "WIM"]
[WhiteElo "2429"]
[BlackElo "2216"]
[WhiteFideId "8605114"]
[BlackFideId "4189949"]
[EventDate "2015.01.31"]

1. c4 c6 2. Nf3 d5 3. g3 Nf6 4. Bg2 dxc4 5. O-O Nbd7 6. Qc2 Nb6 7. Na3 g6 8.
Nxc4 Bg7 9. d3 O-O 10. Bg5 h6 11. Bd2 Be6 12. Na5 Qc8 13. b4 Nfd5 14. Rab1 Bg4
15. a4 Nc7 16. Rfc1 Ne6 17. Bc3 Bxc3 18. Qxc3 Bxf3 19. Bxf3 Nxa4 20. Qe5 Qd7 21.
Nxb7 Nd4 22. Bg2 Rab8 23. Rc4 Qxb7 24. Qxd4 Qb6 25. Qf4 Qd8 26. Qxh6 Rb5 27. Rh4
Rh5 28. Rxh5 gxh5 29. Qg5+ Kh8 30. Qxh5+ Kg8 31. Qg5+ Kh8 32. Bxc6 Nb6 33. Qh6+
Kg8 34. Be4 1-0

[Event "Moscow Open Women 2015"]
[Site "Moscow RUS"]
[Date "2015.02.06"]
[Round "7.3"]
[White "Mirzoeva, Elmira"]
[Black "Szczepkowska-Horowska, Karina"]
[Result "1/2-1/2"]
[WhiteTitle "WGM"]
[BlackTitle "WGM"]
[WhiteElo "2220"]
[BlackElo "2415"]
[WhiteFideId "4127951"]
[BlackFideId "1122681"]
[EventDate "2015.01.31"]

1. d4 Nf6 2. c4 g6 3. Nc3 Bg7 4. e4 d6 5. Nf3 O-O 6. Be2 Nbd7 7. O-O e5 8. Be3
Re8 9. d5 Nh5 10. g3 Bf8 11. Ne1 Ng7 12. Nd3 f5 13. f3 Be7 14. Qd2 Nf6 15. Bh6
Rf8 16. Kg2 Bd7 17. h3 Rf7 18. Rac1 Qc8 19. Rh1 Qd8 20. c5 Kh8 21. b4 fxe4 22.
fxe4 c6 23. cxd6 Bxd6 24. Nc5 cxd5 25. Nxb7 Qb6 26. Nxd6 Qxd6 27. exd5 Nf5 28.
Bg5 Nd4 29. Rhf1 Raf8 30. Bh6 Rc8 31. b5 Kg8 32. Kh2 Nxd5 33. Rxf7 Kxf7 34. Ne4
Qa3 35. Rf1+ Kg8 36. Bd1 Bxb5 37. Rf2 Bd3 38. Ng5 Qc3 39. Qxc3 Nxc3 40. Bb3+
Nxb3 41. axb3 Nd5 42. Rf7 Rc2+ 43. Kg1 Rc1+ 44. Kg2 Rc2+ 45. Kg1 Rc1+ 46. Kg2
Rc2+ 47. Kg1 1/2-1/2

[Event "Moscow Open Women 2015"]
[Site "Moscow RUS"]
[Date "2015.02.06"]
[Round "7.4"]
[White "Guseva, Marina"]
[Black "Tokhirjonova, Gulrukhbegim"]
[Result "1-0"]
[WhiteTitle "IM"]
[BlackTitle "WFM"]
[WhiteElo "2375"]
[BlackElo "2181"]
[WhiteFideId "4149351"]
[BlackFideId "14203626"]
[EventDate "2015.01.31"]

1. d4 d5 2. c4 c6 3. Nc3 Nf6 4. e3 Bf5 5. Nf3 e6 6. Nh4 Bg6 7. Nxg6 hxg6 8. Bd3
Nbd7 9. O-O Qc7 10. h3 g5 11. cxd5 exd5 12. e4 dxe4 13. Nxe4 g4 14. Re1 Be7 15.
g3 gxh3 16. Bf4 Qa5 17. Nxf6+ Nxf6 18. Re5 h2+ 19. Kh1 Qd8 20. Qe2 Kf8 21. Bc4
Qd7 22. Bg5 Re8 23. Rd1 Nd5 24. Re1 f6 25. Rxd5 cxd5 26. Bb5 Qd8 27. Bd2 g5 28.
Bxe8 Qxe8 29. Bb4 Rh7 30. Qe6 Rf7 31. Bxe7+ Qxe7 32. Qc8+ Kg7 33. Rxe7 Rxe7 34.
Kxh2 b6 35. Kg2 Kf7 36. Qc6 1-0

[Event "Moscow Open Women 2015"]
[Site "Moscow RUS"]
[Date "2015.02.06"]
[Round "7.5"]
[White "Hojjatova, Aydan"]
[Black "Maisuradze, Nino"]
[Result "1-0"]
[WhiteTitle "WCM"]
[BlackTitle "WGM"]
[WhiteElo "2170"]
[BlackElo "2311"]
[WhiteFideId "13401491"]
[BlackFideId "13601717"]
[EventDate "2015.01.31"]

1. e4 c5 2. Nc3 e6 3. f4 a6 4. a4 Nc6 5. Bc4 Nge7 6. e5 Ng6 7. d3 d6 8. exd6
Bxd6 9. Nge2 Qh4+ 10. g3 Qe7 11. Ne4 Bc7 12. O-O b6 13. Be3 Na5 14. Ba2 O-O 15.
N2c3 Rd8 16. Qh5 Nf8 17. f5 exf5 18. Bg5 Qd7 19. Nd5 Kh8 20. Nxc7 Qxc7 21. Bxd8
Qxd8 22. Qxf7 c4 23. Ng5 Qd4+ 24. Rf2 Bd7 25. Bxc4 Nxc4 26. Qxc4 Qxc4 27. dxc4
h6 28. Nf7+ Kg8 29. Ne5 Be6 30. Rd1 Rc8 31. b3 Rc5 32. Nd3 Rc8 33. Nf4 Bf7 34.
Rd6 Rb8 35. Nd5 b5 36. axb5 axb5 37. cxb5 Ne6 38. Ne7+ Kh7 39. Rxf5 Ng5 40. Rxg5
hxg5 41. c4 Re8 42. Rd7 Be6 43. Ra7 Rf8 44. b6 Bh3 45. Ra1 Re8 46. Re1 1-0

[Event "Moscow Open Women 2015"]
[Site "Moscow RUS"]
[Date "2015.02.07"]
[Round "8.1"]
[White "Goryachkina, Aleksandra"]
[Black "Guseva, Marina"]
[Result "1/2-1/2"]
[WhiteTitle "WGM"]
[BlackTitle "IM"]
[WhiteElo "2451"]
[BlackElo "2375"]
[WhiteFideId "4147103"]
[BlackFideId "4149351"]
[EventDate "2015.01.31"]

1. d4 d5 2. c4 c6 3. Nf3 Nf6 4. Nc3 e6 5. g3 dxc4 6. Bg2 Nbd7 7. a4 Be7 8. O-O
O-O 9. e4 e5 10. dxe5 Ng4 11. Bf4 Qa5 12. e6 fxe6 13. Qe2 Nge5 14. Nxe5 Nxe5 15.
Bxe5 Qxe5 16. Kh1 Qc5 17. e5 Bd7 18. f4 Rfd8 19. Rad1 Be8 20. Bh3 Bf7 21. Rxd8+
Rxd8 22. f5 exf5 23. Bxf5 g6 24. Bh3 Rd3 25. Qg4 b5 26. Qf4 Bd5+ 27. Nxd5 Qxd5+
28. Bg2 Qe6 29. Bh3 Qd5+ 30. Bg2 Qe6 31. Bh3 Qd5+ 1/2-1/2

[Event "Moscow Open Women 2015"]
[Site "Moscow RUS"]
[Date "2015.02.07"]
[Round "8.2"]
[White "Hojjatova, Aydan"]
[Black "Lei, Tingjie"]
[Result "0-1"]
[WhiteTitle "WCM"]
[BlackTitle "WGM"]
[WhiteElo "2170"]
[BlackElo "2429"]
[WhiteFideId "13401491"]
[BlackFideId "8605114"]
[EventDate "2015.01.31"]

1. e4 c5 2. Nc3 e6 3. Nf3 Nc6 4. d4 cxd4 5. Nxd4 Qc7 6. g3 a6 7. Bg2 Nf6 8. O-O
Nxd4 9. Qxd4 Bc5 10. Bf4 d6 11. Qd2 h6 12. Rad1 e5 13. Be3 Be6 14. Bxc5 dxc5 15.
Nd5 Bxd5 16. exd5 Qd6 17. f4 O-O 18. fxe5 Qxe5 19. b3 Qd6 20. Qf4 Rad8 21. c4
Rfe8 22. Rfe1 Qxf4 23. gxf4 Rxe1+ 24. Rxe1 Kf8 25. Bf3 b6 26. Kf2 Ne8 27. Be4
Ke7 28. a3 Kd6 29. Bd3 Nf6 30. Kf3 Rb8 31. f5 b5 32. Rg1 Ne8 33. Kf4 Rb7 34. Rg2
Rb8 35. Rg1 Rb7 36. Rg2 bxc4 37. Bxc4 a5 38. Kf3 Re7 39. Bb5 Nc7 40. Bc4 f6 41.
Kf4 Nxd5+ 42. Bxd5 Kxd5 43. Rd2+ Kc6 44. Rd8 a4 45. Rc8+ Kd6 46. Rd8+ Kc7 47.
Rd3 axb3 48. Rxb3 Kc6 49. Rc3 Kd5 50. Rd3+ Kc4 51. Rd6 Kb3 52. Re6 Ra7 53. Re3+
Kb2 54. Ke4 Re7+ 0-1

[Event "Moscow Open Women 2015"]
[Site "Moscow RUS"]
[Date "2015.02.07"]
[Round "8.3"]
[White "Maslova, Polina"]
[Black "Mirzoeva, Elmira"]
[Result "0-1"]
[BlackTitle "WGM"]
[WhiteElo "1996"]
[BlackElo "2220"]
[WhiteFideId "24178772"]
[BlackFideId "4127951"]
[EventDate "2015.01.31"]

1. e4 c6 2. Nc3 d5 3. Nf3 Nf6 4. e5 Ne4 5. Ne2 Qb6 6. d4 e6 7. Nfg1 f6 8. exf6
Nxf6 9. Nf3 c5 10. c3 Nc6 11. Qb3 Bd6 12. Be3 Ng4 13. dxc5 Qxb3 14. axb3 Nxe3
15. fxe3 Bxc5 16. Ned4 O-O 17. Bb5 Ne7 18. Ne5 Rd8 19. Rf1 Nf5 20. Ke2 Bd6 21.
Nef3 Rf8 22. Bd3 g6 23. Nb5 Bc5 24. Nbd4 Bd6 25. Nb5 Bb8 26. e4 Nd6 27. Nxd6
Bxd6 28. exd5 exd5 29. h3 Bd7 30. Nd4 Rae8+ 31. Kd2 Bb8 32. Rae1 a6 33. Rxf8+
Rxf8 34. Rf1 Bf4+ 35. Kd1 Be3 36. Rxf8+ Kxf8 37. Nc2 Bf4 38. Be2 Ke7 39. Bf3 Kd6
40. Nb4 Be6 41. Nd3 Bg5 42. Nf2 b6 43. b4 Bf5 44. Be2 a5 45. bxa5 bxa5 46. Nd3
a4 47. Ne1 Bd7 48. Nf3 Bf6 49. Kc2 Kc5 50. Nd2 Bg7 51. Bd3 d4 52. b4+ Kd5 53.
c4+ Ke5 54. c5 Bf8 55. Nf3+ Kd5 56. g4 Be7 57. Nd2 Be8 58. Kb2 h5 59. gxh5 gxh5
60. Ka3 Bf8 61. Be4+ Ke5 62. Bg2 Bb5 63. Bf3 Bh6 64. Nb1 Bc1+ 65. Ka2 Bc4+ 66.
Ka1 h4 67. c6 Kd6 68. Bd1 a3 0-1

[Event "Moscow Open Women 2015"]
[Site "Moscow RUS"]
[Date "2015.02.07"]
[Round "8.4"]
[White "Szczepkowska-Horowska, Karina"]
[Black "Pustovoitova, Daria"]
[Result "1/2-1/2"]
[WhiteTitle "WGM"]
[BlackTitle "FM"]
[WhiteElo "2415"]
[BlackElo "2334"]
[WhiteFideId "1122681"]
[BlackFideId "4182146"]
[EventDate "2015.01.31"]

1. d4 Nf6 2. c4 e6 3. Nf3 d5 4. Nc3 Bb4 5. Qb3 c5 6. dxc5 Na6 7. a3 Bxc3+ 8.
Qxc3 Nxc5 9. cxd5 Qxd5 10. Be3 Nce4 11. Qd4 O-O 12. g3 b6 13. Bg2 Bb7 14. O-O
Qb5 15. Qd3 Qxd3 16. exd3 Nd6 17. a4 Nf5 18. a5 Nxe3 19. fxe3 bxa5 20. Rxa5 Rfc8
21. Ne5 Bxg2 22. Kxg2 Rcb8 23. Rf2 Rb7 24. Rc2 Nd5 25. Kf3 f6 26. Nc4 Rd8 27.
Ke2 e5 28. Ra3 Rbd7 29. Na5 Rb8 30. Nc6 Rbb7 31. Na5 Rb8 32. Nc6 Rbb7 33. Na5
Rb8 34. Nc6 Rbb7 35. Na5 1/2-1/2

[Event "Moscow Open Women 2015"]
[Site "Moscow RUS"]
[Date "2015.02.07"]
[Round "8.5"]
[White "Charochkina, Daria"]
[Black "Schepetkova, Margarita"]
[Result "1-0"]
[WhiteTitle "WGM"]
[BlackTitle "WIM"]
[WhiteElo "2370"]
[BlackElo "2216"]
[WhiteFideId "4180917"]
[BlackFideId "4189949"]
[EventDate "2015.01.31"]

1. e4 c6 2. Nc3 d5 3. Nf3 dxe4 4. Nxe4 Nf6 5. Ng3 h5 6. h3 e6 7. d4 c5 8. Bd3
Nc6 9. dxc5 Bxc5 10. Qe2 Qc7 11. Bg5 Nd4 12. Nxd4 Bxd4 13. Bb5+ Bd7 14. O-O-O
O-O-O 15. Rxd4 Bxb5 16. Rxd8+ Rxd8 17. Qxb5 Rd5 18. Qb4 Rxg5 19. Qf8+ Qd8 20.
Qxf7 Qd6 21. Rd1 Rd5 22. Rxd5 Qxd5 23. Qf8+ Kc7 24. Qxg7+ Nd7 25. Qc3+ Kd8 26.
Qh8+ Kc7 27. Qxh5 Qxg2 28. Qa5+ Kc8 29. Qxa7 Qxh3 30. Qd4 e5 31. Qc4+ Kb8 32.
Qd5 Kc7 33. b3 Qh6+ 34. Kb2 b6 35. Ne4 Qg6 36. a4 Qh6 37. a5 bxa5 38. Qxa5+ Kc6
39. Qa6+ Nb6 40. c4 Qf4 41. Qb5+ Kc7 42. Qc5+ Kd7 43. Qd6+ Ke8 44. Nf6+ Kf7 45.
Qxb6 Qd2+ 46. Ka3 Qc1+ 47. Ka4 Qa1+ 48. Kb5 Qc3 49. b4 Qh3 50. Nd5 Qh8 51. Qf6+ 1-0

[Event "Moscow Open Women 2015"]
[Site "Moscow RUS"]
[Date "2015.02.08"]
[Round "9.1"]
[White "Lei, Tingjie"]
[Black "Guseva, Marina"]
[Result "1-0"]
[WhiteTitle "WGM"]
[BlackTitle "IM"]
[WhiteElo "2429"]
[BlackElo "2375"]
[WhiteFideId "8605114"]
[BlackFideId "4149351"]
[EventDate "2015.01.31"]

1. d4 d5 2. c4 c6 3. cxd5 cxd5 4. Bf4 Nf6 5. Nc3 Nc6 6. e3 Bg4 7. Qb3 Na5 8.
Qa4+ Bd7 9. Qc2 e6 10. Bd3 Nh5 11. Be5 Nc6 12. Qe2 Nxe5 13. dxe5 g6 14. Nf3 Rc8
15. O-O Bb4 16. Nb5 a6 17. Nbd4 O-O 18. a3 Be7 19. Bb1 Qb6 20. Ba2 Rc7 21. Rac1
Rfc8 22. Qd2 Ng7 23. Bb1 Ne8 24. Rcd1 Ba4 25. Rc1 Bf8 26. Rxc7 Qxc7 27. Ne2 Bg7
28. Rc1 Bc6 29. Qd4 Qb8 30. Qf4 Bd7 31. Rxc8 Qxc8 32. Nc3 Nc7 33. e4 Nb5 34.
Nxb5 Bxb5 35. exd5 exd5 36. Ba2 Bc6 37. h4 Qe8 38. h5 gxh5 39. Bb1 h6 40. Qf5 h4
41. Qg4 Bd7 42. Qxh4 Qc8 43. Qf4 Qc4 44. Qe3 Qc7 45. Ba2 Be6 46. Qd2 Qc5 47. b4
Qc6 48. Nd4 Qd7 49. f4 Bg4 50. Qe3 h5 51. Bb1 Qc7 52. Bf5 Bxf5 53. Nxf5 Qc2 54.
e6 fxe6 55. Qxe6+ Kh7 56. Kh2 Qc7 57. Kg3 d4 58. Ne7 Qc2 59. f5 Qd1 60. f6 Qd3+
61. Kh2 Qe3 62. Qg8+ 1-0

[Event "Moscow Open Women 2015"]
[Site "Moscow RUS"]
[Date "2015.02.08"]
[Round "9.2"]
[White "Szczepkowska-Horowska, Karina"]
[Black "Goryachkina, Aleksandra"]
[Result "1/2-1/2"]
[WhiteTitle "WGM"]
[BlackTitle "WGM"]
[WhiteElo "2415"]
[BlackElo "2451"]
[WhiteFideId "1122681"]
[BlackFideId "4147103"]
[EventDate "2015.01.31"]

1. d4 d5 2. c4 e6 3. Nf3 Nf6 4. e3 a6 5. Nc3 Nbd7 6. Qc2 c5 7. cxd5 exd5 8. Be2
Bd6 9. e4 dxe4 10. Nxe4 Nxe4 11. Qxe4+ Qe7 12. Qxe7+ Bxe7 13. O-O O-O 14. dxc5
Nxc5 15. Be3 Bf5 16. Nd4 Bd3 17. Bxd3 Nxd3 18. b3 Bf6 19. Rad1 Nb4 20. Rd2 Rfd8
21. Rfd1 Rac8 22. g3 g6 23. a3 Nd5 24. Nf5 Nxe3 25. Rxd8+ Rxd8 26. Rxd8+ Bxd8
27. Nxe3 Be7 28. a4 Bc5 29. Nd5 Bd4 30. Kf1 f5 31. Ke2 Kf7 32. f3 Ke6 33. Nf4+
Kd6 34. Kd3 Bg1 35. h3 Bf2 36. Ne2 h5 37. g4 fxg4 38. fxg4 hxg4 39. hxg4 Ke5 40.
Nc3 Kf4 41. Ne4 Bg1 42. g5 b6 43. b4 Kf5 44. Nd2 Bh2 45. Kd4 Bd6 46. b5 axb5 47.
axb5 Be7 48. Nc4 Bc5+ 49. Kd5 Kxg5 50. Kc6 Kf5 51. Nxb6 Bd4 52. Nc4 g5 53. Kd5
Ba7 54. Ne5 Kf4 55. Nd3+ Kf5 1/2-1/2